|
|
|
|
| LEADER |
00000nam0a2200000 4500 |
| 001 |
266656 |
| 005 |
20231101234023.0 |
| 020 |
|
|
|a RU
|b 86-94918
|
| 035 |
|
|
|a (RuTPU)RU\TPU\book\289676
|
| 090 |
|
|
|a 266656
|
| 100 |
|
|
|a 20140714d1986 km y0rusy5003 ca
|
| 101 |
0 |
|
|a rus
|
| 102 |
|
|
|a RU
|
| 105 |
|
|
|a a z 000zy
|
| 200 |
1 |
|
|a Возвышение желаний, или Как осуществить себя
|f И. С. Преловская
|
| 210 |
|
|
|a Москва
|c Политиздат
|d 1986
|
| 215 |
|
|
|a 287 с.
|c ил.
|
| 225 |
1 |
|
|a Личность. Мораль. Воспитание
|
| 606 |
1 |
|
|a Совершенствование нравственное
|2 stltpush
|3 (RuTPU)RU\TPU\subj\55405
|9 73441
|
| 610 |
1 |
|
|a коммунистическая мораль
|
| 610 |
1 |
|
|a личность
|
| 610 |
1 |
|
|a формирование
|
| 610 |
1 |
|
|a желания
|
| 610 |
1 |
|
|a потребности
|
| 610 |
1 |
|
|a стремление к достижениям
|
| 610 |
1 |
|
|a духовная культура
|
| 610 |
1 |
|
|a жизненная позиция
|
| 610 |
1 |
|
|a ценности
|
| 686 |
|
|
|a Ю77
|v LBC/SL-A
|2 rubbk
|
| 700 |
|
1 |
|a Преловская
|b И. С.
|g Инга Сергеевна
|4 070
|
| 801 |
|
0 |
|a RU
|b RuMRKP
|c 19950417
|g psbo
|
| 801 |
|
1 |
|a RU
|b 63413507
|c 20140714
|
| 801 |
|
2 |
|a RU
|b 63413507
|c 20170217
|g RCR
|
| 942 |
|
|
|c BK
|